Les Capitales du Monde les plus au nord, les plus au sud et les plus proches de l'Equateur - Statistiques

Statistiques générales
  • Ce quiz a été pris 127 fois
  • Le résultat moyen est 37 sur 60
Statistiques - réponses
Réponse % Correct
Moscou
97%
Oslo
97%
Helsinki
95%
Stockholm
95%
Copenhague
91%
Reykjavik
91%
Berlin
90%
Bruxelles
90%
Londres
90%
Varsovie
90%
Amsterdam
89%
Minsk
89%
Riga
89%
Dublin
87%
Vilnius
86%
Prague
84%
Luxembourg
81%
Buenos Aires
78%
Kiev
77%
Tallinn
77%
Quito
75%
Santiago
74%
Canberra
73%
Wellington
70%
Montevideo
66%
Kinshasa
65%
Astana
61%
Bogota
61%
Le Cap
57%
Antananarivo
56%
Asuncion
56%
Brazzaville
56%
Pretoria
56%
Libreville
54%
Maputo
53%
Nairobi
51%
Windhoek
49%
Harare
48%
Kuala Lumpur
47%
Singapour
46%
Yaoundé
46%
Bangui
45%
Gaborone
45%
Kigali
45%
Maseru
45%
Mbabane
45%
Sucre
45%
Mogadiscio
44%
Sao Tomé
42%
Suva
41%
Kampala
40%
Malé
40%
Port Louis
40%
Malabo
34%
Bujumbura
31%
Tarawa
31%
Victoria
31%
Yaren
30%
Bloemfontein
28%
Nuku' Alofa
24%
Aucun quiz correspondant
Distribution des résultats
% des personnes avec chaque résultat
Percentile par nombre de réponses
Votre historique - résultats
Vous n’avez pas pris ce quiz